000 00851nam a2200205 a 4500
001 000042201
005 20201002040013.0
008 131119s1975 sp g 000 0 spa d
020 _a8400041402
040 _aDO-SdBNP
_bspa
_cBNPHU
100 1 _aMorales, Cristobal de
_969217
245 1 0 _aPro defunctis missa A4 [Música impresa] :
_b(Nunc prima vice typis exarata) /
_cCristophori de Morales ; transcripción por Alicia Muñiz Hernández ; prólogo de Miguel Querol Gavaldá.
260 _aBarcelona :
_bInstituto Español de Musicología,
_c1975.
300 _a1 partitura (23 p.) ;
_c32 cm.
490 1 _aMúsica hispana
_aPolifonía
_v3
700 1 _aMuñiz Hernández, Alicia
_969218
700 1 _aQuerol Gavaldá, Miguel
_epról.
_966033
710 2 _aInstituto Español de Musicología
_969215
830 0 _aMúsica hispana
_pPolifonía
_v3
_969219
999 _c41690
_d41690